| 000 | 00816nam a2200313Ia 4500 | ||
|---|---|---|---|
| 001 | 12921 | ||
| 005 | 20240113235419.0 | ||
| 007 | ta | ||
| 008 | 051027s1947 g b000 u 465 u | ||
| 040 | _aCotton College Assam | ||
| 041 | _a465 | ||
| 082 |
_a392.954 _bK 14 H |
||
| 100 | _aKapadia, K.M.. | ||
| 245 | 0 |
_aHindu Kinship: An Important Chapter in Hindu Social History / _cK.M.Kapadia. _hTextual Documents |
|
| 250 | _a1st ed. / | ||
| 260 |
_aBombay : _bPopular Book Depot , _c1947. |
||
| 300 |
_a320p. ; _c22cm. |
||
| 504 | _aIndex | ||
| 653 | _aHindu-History | ||
| 653 | _aSocial History-Hindu | ||
| 653 | _aG-Education | ||
| 653 | _aAnthropology | ||
| 653 | _aG-Anthropology | ||
| 942 |
_2ddc _cBK |
||
| 999 |
_c12907 _d12907 |
||